000 02373nam a2200313 i 4500
001 768714001
003 CO-MdFUSB
005 20230324165354.0
007 ta
008 230307t1983 -us |||| |||| 00| 0 eng d
020 _a0226072746
040 _aCO-MdFUSB
_bspa
_cCO-MdFUSB
_dCO-MdFUSBC
_erda
041 _aeng
082 _223
_a907.2
_bB835h
100 _aBreisach, Ernst,
_eautor
245 _aHistoriography
_bancient, medieval, & modern
_c/ Ernst Breisach
264 1 _aEstados Unidos :
_bThe University of Chicago Press,
_c[1983]
264 4 _c© 1983
300 _a490 Páginas
_c; 23 cm
336 _2rdacontent
_atexto
_btxt
337 _2rdamedia
_asin mediación
_bn
338 _2rdacarrier
_avolumen
_bnc
505 _aEl surgimiento de la historiografía griega -- La era de la Polis y sus historiadores -- Llegando a los límites de la historiografía griega -- Historiografía romana temprana: mitos, griegos y la república --Los historiadores y la crisis de la república -- Percepciones del pasado en la Roma augustea e imperial -- La revolución historiográfica cristiana -- El dominio historiográfico de nuevos pueblos, estados y dinastías -- Los historiadores y el ideal de la comunidad cristiana -- El ajuste de la historiografía al cambio acelerado -- Dos puntos de inflexión: el Renacimiento y la reforma -- La continua modificación de la historiografía tradicional -- La búsqueda del siglo XVIII de una nueva historiografía -- Tres respuestas nacionales -- Los historiadores como intérpretes del progreso y de la nación-I -- Los historiadores como intérpretes del progreso y la nación-II -- Una primera nota preliminar a la historiografía moderna -- La historia y la búsqueda de una ciencia uniforme -- El descubrimiento de la dinámica económica. -- Los historiadores se encuentran con las masas -- El problema de la historia mundial -- Una segunda nota preliminar a la historiografía moderna -- Cuestiones de verdad histórica: la discusión teórica -- Dos esfuerzos recientes en la historia "científica" -- El desvanecimiento del modelo paneconómico -- Dos interpretaciones de la historia social -- Redefiniciones de dos historiografías nacionales -- El enigma de la historia mundial.
563 _aRustico
650 7 _2embne
_97022
_aHistoria
942 _cBK
945 _aMag1104
999 _c68513
_d68513